000 00659cam a2200229 4500
001 J113
008 090401t1991 xxu||||| |||| 00| 0 eng d
035 _a(Sirsi) u73425
041 _aeng
050 _a333.33
110 _aOffice of Fair Trading
_91355
245 4 _aThe estate agency guide: what you need to know if you are engaged in estate agency work.
260 _aLondon
_bOffice of Fair Trading
_c1991
300 _a24p. ; 30cm.
350 _a0
650 _aESTATE AGENCY
650 _aESTATE AGENTS ACT 1979
650 _aREGULATION
690 _aMANAGEMENT-BUSINESS MANAGEMENT-PROFESSIONAL PRACTICE
942 _n0
948 _c04/03/1997
999 _c95593
_d95593